[Event "CZE-chT2F 0910"]
[Site "Czech Republic"]
[Date "2009.12.06"]
[Round "4.7"]
[White "Blahut, Jaroslav"]
[Black "Borovicka, Bohumil"]
[Result "1-0"]
[WhiteElo "1860"]
[BlackElo "2001"]
[PlyCount "112"]
[EventDate "2009.10.18"]
[EventType "team-tourn"]
[EventRounds "11"]
[EventCountry "CZE"]
[SourceTitle "EXT 2012"]
[Source "ChessBase"]
[SourceDate "2011.11.24"]
[SourceVersion "1"]
[SourceVersionDate "2011.11.24"]
[SourceQuality "1"]
[WhiteTeam "Trinec III"]
[BlackTeam "Morkov"]
[WhiteTeamCountry "CZE"]
[BlackTeamCountry "CZE"]

1. e4 c5 2. Nf3 Nf6 3. Nc3 Nc6 4. d4 d5 5. exd5 Nxd5 6. Bc4 Nxc3 7. bxc3 e6 8. 0-0 Be7 9. Bf4 0-0 10. Qd2 b6 11. Rad1 Bb7 12. Qe2 cxd4 13. cxd4 Bf6 14. c3 Na5 15. Bd3 Rc8 16. Rc1 Qd5 17. c4 Qh5 18. Ne5 Qxe2 19. Bxe2 Ba6 20. Rc2 Bxe5 21. dxe5 Rfd8 22. Rfc1 Rd7 23. Bd2 Nc6 24. Bc3 Rdc7 25. f4 Ne7 26. Bb2 Nd5 27. g3 Ne3 28. Rc3 Nxc4 29. Ba3 b5 30. Bd6 Rd7 31. a4 Nxd6 32. exd6 Rxc3 33. Rxc3 f6 34. axb5 Bb7 35. Kf2 Bd5 36. Rc7 Rxc7 37. dxc7 Bb7 38. Ke3 Kf7 39. Kd4 Ke7 40. Kc5 Kd7 41. b6 axb6+ 42. Kxb6 Bc8 43. Bf3 g6 44. Bc6+ Kd6 45. Bb7 Kd7 46. Bxc8+ Kxc8 47. Kc6 e5 48. fxe5 fxe5 49. Kd5 e4 50. Kxe4 Kxc7 51. Ke5 Kc6 52. Kf6 Kd5 53. Kg7 Ke5 54. Kxh7 Kf5 55. Kh6 Kf6 56. g4 Kf7 1-0

[Event "Pobeskydy op"]
[Site "Frydek Mistek"]
[Date "2008.03.20"]
[Round "1"]
[White "Karhanek, Pavel"]
[Black "Blahut, Jaroslav"]
[Result "1-0"]
[WhiteElo "2213"]
[BlackElo "1879"]
[PlyCount "109"]
[EventDate "2008.03.20"]
[EventType "swiss"]
[EventRounds "9"]
[EventCountry "CZE"]
[SourceTitle "EXT 2010"]
[Source "ChessBase"]
[SourceDate "2010.11.25"]
[SourceVersion "1"]
[SourceVersionDate "2010.11.25"]
[SourceQuality "1"]

1. d4 d5 2. c3 Nf6 3. Nf3 e6 4. Bg5 Be7 5. Nbd2 h6 6. Bxf6 Bxf6 7. e4 0-0 8. Bd3 b6 9. 0-0 g6 10. Re1 Bb7 11. Qe2 Re8 12. exd5 Bxd5 13. Ne5 Bxe5 14. Qxe5 Nd7 15. Qf4 Kg7 16. Rad1 Nf6 17. Bb1 Qd6 18. Qe3 Rad8 19. Qh3 Qf4 20. Nf1 Ne4 21. Bxe4 Bxe4 22. Qe3 Qxe3 23. Nxe3 Bb7 24. f3 Rd7 25. Kf2 Red8 26. g3 h5 27. h4 Ba6 28. a4 c5 29. dxc5 Rd2+ 30. Kg1 bxc5 31. b4 cxb4 32. cxb4 Rxd1 33. Rxd1 Rxd1+ 34. Nxd1 Be2 35. Nc3 Bxf3 36. Kf2 Bb7 37. Nb5 a5 38. bxa5 Kf6 39. Nc7 Ke7 40. a6 Kd7 41. Nxe6 Bd5 42. Nf4 Bc6 43. a5 Kd6 44. Ke3 Kc5 45. Nd3+ Kd6 46. Kd4 f6 47. Nf4 g5 48. Nxh5 gxh4 49. gxh4 f5 50. Nf4 Be8 51. a7 Bc6 52. h5 Ke7 53. Ke5 Kf7 54. Kxf5 Kg7 55. Kg5 1-0